书目信息 |
| 题名: |
城市绿色空间服务功效评价与生态规划
|
|
| 作者: | 李峰 , 王如松 著 | |
| 分册: | ||
| 出版信息: | 北京 气象出版社 2006.10 |
|
| 页数: | 257页, [11] 页图版 | |
| 开本: | 21cm | |
| 丛书名: | ||
| 单 册: | ||
| 中图分类: | X321 | |
| 科图分类: | ||
| 主题词: | 城市规划:环境规划--cheng shi gui hua:huan jing gui hua--生态环境--环境生态评价 | |
| 电子资源: | ||
| ISBN: | 7-5029-4128-2 | |
| 000 | 00944nam0 2200241 450 | |
| 001 | 012007683936 | |
| 005 | 20070521100942.26 | |
| 010 | @a7-5029-4128-2@dCNY28.00 | |
| 100 | @a20070316d2006 km y0chiy0120 ea | |
| 101 | 0 | @achi |
| 102 | @aCN@b110000 | |
| 105 | @aaf a 000yy | |
| 200 | 1 | @a城市绿色空间服务功效评价与生态规划@Acheng shi lu se kong jian fu wu gong xiao ping jia yu sheng tai gui hua@f李峰,王如松著@Fli feng,wang ru song zhu |
| 210 | @a北京@c气象出版社@d2006.10 | |
| 215 | @a257页, [11] 页图版@c图@d21cm | |
| 320 | @a有书目 (第245-257页) | |
| 330 | @a本书旨在运用社会-经济-自然复合生态系统理论、城市生态学原理、景观生态学原理和可持续发展理论,提出城市绿色空间生态评价的指标等。 | |
| 606 | 0 | @a城市规划:环境规划@Acheng shi gui hua:huan jing gui hua@x生态环境@x环境生态评价 |
| 690 | @aX321@v4 | |
| 701 | 0 | @a李峰@Ali feng@4著 |
| 701 | 0 | @a王如松@Awang ru song@4著 |
| 801 | 0 | @aCN@c20070521 |
| 905 | @a10447@dX321@eL152 | |
| 城市绿色空间服务功效评价与生态规划/李峰,王如松著.-北京:气象出版社,2006.10 |
| 257页, [11] 页图版:图;21cm |
| ISBN 7-5029-4128-2:CNY28.00 |
| 本书旨在运用社会-经济-自然复合生态系统理论、城市生态学原理、景观生态学原理和可持续发展理论,提出城市绿色空间生态评价的指标等。 |
| ● |
| 相关链接 |
|
|
|
正题名:城市绿色空间服务功效评价与生态规划
索取号:X321/L152
 
预约/预借
| 序号 | 登录号 | 条形码 | 馆藏地/架位号 | 状态 | 备注 |
| 1 | 237833 | 202378337 | 自科库501/501自科库 65排7列5层/ [索取号:X321/L152] | 在馆 | |
| 2 | 237834 | 202378346 | 自科库501/501自科库 65排7列5层/ [索取号:X321/L152] | 在馆 | |
| 3 | 237835 | 202378355 | 期刊室512/501自科库 95排1列5层/ [索取号:X321/L152] | 在馆 |